Historia de Oaxaca /
Historia del estado de Oaxaca, que abarca desde el arribo de los primeros pobladores a ese territorio hasta el triunfo del movimiento independentista en la entidad, escrita por el sacerdote de origen oaxaqueño José Antonio Gay (1833-1886). La versión disponible en el Fondo Rodríguez es una encuadern...
Gorde:
| Egile nagusia: | |
|---|---|
| Beste egile batzuk: | |
| Formatua: | Liburua |
| Hizkuntza: | gaztelania |
| Edizioa: | 2a edición |
| Gaiak: | |
| Etiketak: |
Etiketarik gabe, Izan zaitez lehena erregistro honi etiketa jartzen!
|
MARC
| LEADER | 00000nam^a2200000^a^4500 | ||
|---|---|---|---|
| 001 | 000101703 | ||
| 005 | 20250521000000.0 | ||
| 009 | 20260310093247.144 | ||
| 037 | |a Acervo ITESO - Biblioteca | ||
| 041 | |a ESP | ||
| 082 | |a 972. 74 |b GAY | ||
| 100 | |a Gay, José Antonio |e (autor) | ||
| 245 | 1 | 0 | |a Historia de Oaxaca / |c J.A. Gay ; pról. de A. Henestrosa. |
| 250 | |a 2a edición | ||
| 264 | |a Oaxaca, México : |b Gobierno del Estado de Oaxaca, |c 1978 | ||
| 300 | |a XIII, II, 444, IV, 552, IV p. | ||
| 336 | |a texto |b txt |2 rdacontenido | ||
| 337 | |a sin mediación |b n |2 rdamedio | ||
| 338 | |a volumen |b nc |2 rdasoporte | ||
| 520 | |a Historia del estado de Oaxaca, que abarca desde el arribo de los primeros pobladores a ese territorio hasta el triunfo del movimiento independentista en la entidad, escrita por el sacerdote de origen oaxaqueño José Antonio Gay (1833-1886). La versión disponible en el Fondo Rodríguez es una encuadernación particular de los dos tomos de la obra, que fueron impresos originalmente por separado. | ||
| 534 | |a Reproducción facsimilar de la edición de 1881, publicada por Dublan en México | ||
| 649 | |a XX | ||
| 650 | |a Zapotecas - |x Historia | ||
| 650 | |a Mixtecas - |x Historia | ||
| 650 | |a Indígenas de México - |x Historia | ||
| 650 | |a Monasticismo y Ordenes Religiosas - |z Oaxaca - |x Historia | ||
| 650 | |a Monasticismo y Ordenes Religiosas - |z México - |x Historia | ||
| 650 | |a Iglesia Católica en Oaxaca - |x Historia | ||
| 650 | |a Iglesia Católica en México - |x Historia | ||
| 650 | |a Oaxaca - |x Historia - |y Epoca Prehispánica | ||
| 650 | |a Oaxaca - |x Historia - |y Virreinato, 1535-1821 | ||
| 650 | |a Oaxaca - |x Historia - |y Epoca Colonial, 1517-1821 | ||
| 650 | |a México - |x Historia - |y Epoca Prehispánica | ||
| 650 | |a México - |x Historia - |y Virreinato, 1535-1821 | ||
| 650 | |a México - |x Historia - |y Epoca Colonial, 1517-1821 | ||
| 700 | |a Henestrosa, Andrés |e (prólogo) | ||
| 910 | |a Fondo Jesús Rodríguez | ||
| 920 | |a Impresos - Libros | ||
| 930 | |a Fondos Especiales | ||
| 905 | |a 113 | ||
| 901 | |a 0500035220 |b IT2 |c ESP |u 20250521 | ||
| 902 | |a https://opac.biblio.iteso.mx/vufind/Record/000101703 | ||